000 00367nam a2200145Ia 4500
005 20250430052357.0
008 240331s9999 xx 000 0 und d
082 _bWEE
_a891
100 _aWeerasuriya, P.D.S
245 0 _aMatara sahithya wansaya
260 _aColombo
_bM.D.Gunasena Books
_c1972
300 _a566 p .,
500 _aMatara Sakithiya Wansa
942 _cL
999 _c4895
_d4895